Benjamin Walker correspondence, (Record no. 42442)
[ view plain ]
| 000 -LEADER | |
|---|---|
| fixed length control field | 01626cpcaa2200349 a 4500 |
| 001 - CONTROL NUMBER | |
| control field | mm 80002068 |
| 003 - CONTROL NUMBER IDENTIFIER | |
| control field | DLC |
| 005 - DATE AND TIME OF LATEST TRANSACTION | |
| control field | 20260227111658.0 |
| 008 - FIXED-LENGTH DATA ELEMENTS--GENERAL INFORMATION | |
| fixed length control field | 800115|||||||||||| eng |
| 010 ## - LIBRARY OF CONGRESS CONTROL NUMBER | |
| LC control number | mm 80002068 |
| 040 ## - CATALOGING SOURCE | |
| Original cataloging agency | DLC |
| Transcribing agency | DLC |
| Modifying agency | DLC |
| Description conventions | dacs |
| 072 #7 - SUBJECT CATEGORY CODE | |
| Subject category code | C |
| Source | lcmd |
| 100 1# - MAIN ENTRY--PERSONAL NAME | |
| Personal name | Walker, Benjamin, |
| Dates associated with a name | 1753-1818. |
| 245 00 - TITLE STATEMENT | |
| Title | Benjamin Walker correspondence, |
| Inclusive dates | 1785-1792. |
| 300 ## - PHYSICAL DESCRIPTION | |
| Extent | 2 |
| Type of unit | items. |
| 506 0# - RESTRICTIONS ON ACCESS NOTE | |
| Terms governing access | Open to research. |
| 520 8# - SUMMARY, ETC. | |
| Summary, etc. | ALS (1785 January 26) written by Walker to Baron Friedrich Wilhelm Ludolf Gerhard Augustin von Steuben regarding financial matters and ALS (1792 September 25) from Walker to Andrew Craigie concerning land transactions in New York and the influx of German and Irish immigrants there. |
| 545 0# - BIOGRAPHICAL OR HISTORICAL DATA | |
| Biographical or historical data | U.S. representative from New York and naval officer. |
| 546 ## - LANGUAGE NOTE | |
| Language note | Collection material in English. |
| 580 ## - LINKING ENTRY COMPLEXITY NOTE | |
| Linking entry complexity note | Forms part of; Miscellaneous Manuscripts collection. |
| 600 10 - SUBJECT ADDED ENTRY--PERSONAL NAME | |
| Personal name | Craigie, Andrew, |
| Dates associated with a name | 1744-1819 |
| Form subdivision | Correspondence. |
| 600 10 - SUBJECT ADDED ENTRY--PERSONAL NAME | |
| Personal name | Steuben, Friedrich Wilhelm Ludolf Gerhard Augustin, |
| Titles and other words associated with a name | Baron von, |
| Dates associated with a name | 1730-1794 |
| Form subdivision | Correspondence. |
| 650 #0 - SUBJECT ADDED ENTRY--TOPICAL TERM | |
| Topical term or geographic name entry element | Finance, Personal |
| Geographic subdivision | New York (State) |
| 651 #0 - SUBJECT ADDED ENTRY--GEOGRAPHIC NAME | |
| Geographic name | Land tenure |
| Geographic subdivision | New York (State) |
| 651 #0 - SUBJECT ADDED ENTRY--GEOGRAPHIC NAME | |
| Geographic name | New York (State) |
| General subdivision | Emigration and immigration. |
| 651 #0 - SUBJECT ADDED ENTRY--GEOGRAPHIC NAME | |
| Geographic name | Germany |
| General subdivision | Emigration and immigration. |
| 651 #0 - SUBJECT ADDED ENTRY--GEOGRAPHIC NAME | |
| Geographic name | Ireland |
| General subdivision | Emigration and immigration. |
| 656 #7 - INDEX TERM--OCCUPATION | |
| Occupation | Naval officers. |
| Source of term | itoamc |
| 656 #7 - INDEX TERM--OCCUPATION | |
| Occupation | Representatives, U.S. Congress |
| Geographic subdivision | New York (State) |
| Source of term | itoamc |
No items available.